Представление документа в формате RUSMARC

ПолеНазваниеЗначение
  Тип записи a
  Библиографический уровень a
001 Контрольный номер RU/CBS_UL/BASE/526eb549cac54953b3ba4fc0f09032d2
005 Дата корректировки 20260106133937.7
100 Данные общей обработки __
a Данные общей обработки 20260106 ||| 0rusy0189 ca
101 Язык документа 0_
a Язык текста rus
102 Страна публикации __
a Страна публикации RU
200 Заглавие и сведения об ответственности 1_
a Заглавие Новый год по-советски
e Сведения, относящиеся к заглавию [новогодние традиции в СССР]
300 Общие примечания __
a Общие примечания Содерж. : Немного истории ; Вам открытка!
300 Общие примечания __
a Общие примечания 16+
461 Уровень набора _0
1 2000
a Дарья
463 Уровень физической единицы _0
1 2000
a № 25
v С. 43 фот., ил.
1 2101
d 2025
1 001RU/CBS_UL/BASE/fbe25bc0b0f549ebba3cb72c3c06b330
606 Тематические рубрики 0_
a Основная рубрика Новый год - Традиции - СССР
610 Ключевые слова 0_
a Ключевые слова история СССР, Новый год (праздники), Новый год в СССР, праздники новогодние, новогодний стол, продукты, новогодние блюда, новогодняя телепрограмма, утренники детские, новогодние открытки, Голубой огонёк (телепередачи)
686 Индексы других классификаций __
2 Код системы rubbk
a Классификационный индекс 63.3(2)6-75
801 Источник записи _0
a Страна RU
b Организация МБУК ЦБС г. Ульяновска
c Дата составления 20260106
g Правила каталогизации RCR
801 Источник записи _1
a Страна RU
b Организация МБУК ЦБС г. Ульяновска
c Дата составления 20260106
g Правила каталогизации RCR
901 Тип документа __
t Тип документа b
w Контрольный № источника RU/CBS_UL/BASE/fbe25bc0b0f549ebba3cb72c3c06b330
909 Создатель записи __
a Создатель записи lib1